000 00355nam a2200145Ia 4500
008 100122s9999 xx 000 0 und d
082 _b41183
_a823
100 _aWEST DOROTHY
245 _aTHE LIVING IS EASY
260 _bVIRAGO PRESS LIMITED
_c1987
300 _a362
630 _aTHE LIVING IS EASY
730 _aTHE LIVING IS EASY
942 _cBOOK
999 _c372503
_d372500